Boston Movies by Picture - Statistics

General Stats
  • This quiz has been taken 384 times
  • The average score is 9 of 16
Answer Stats
Picture Answer % Correct
Ted
99%
Good Will Hunting
87%
Godzilla: King of the Monsters
82%
Legally Blonde
81%
The Social Network
80%
The Next Karate Kid
78%
Knives Out
72%
The Departed
64%
Malcolm X
61%
Shutter Island
52%
War of the Worlds
43%
21
34%
Mystic River
32%
The Boondock Saints
29%
The Equalizer
21%
Patriots Day
15%
No matching quizzes found
Score Distribution
Percent of People with Each Score
Percentile by Number Answered
Your Score History
You have not taken this quiz